Top 10 Edmonton Oilers - Statistics

General Stats
  • This quiz has been taken 289 times
  • The average score is 6 of 10
Answer Stats
Rank Position Years Active Stats Answer % Correct
1 C 1979-1988 696 GP - 583 G - 1669 PTS Wayne Gretzky
99%
2 C 1979-1991 851 GP - 392 G - 1034 PTS Mark Messier
92%
3 RW 1980-1990 754 GP - 474 G - 1043 PTS Jari Kurri
84%
5 G 1981-1991 226-117-54 - GAA 3.69 - SP% .882 Grant Fuhr
78%
4 D 1980-1987 532 GP - 209 G - 669 PTS Paul Coffey
78%
6 RW 1980-1991, 1996 845 GP - 417 G - 906 PTS Glenn Anderson
59%
8 LW 1995-2007, 2011-2014 971 GP - 296 G - 631 PTS Ryan Smyth
49%
7 D 1979-1992, 1996-1998 1037 GP - 74 G - 383 PTS Kevin Lowe
43%
10 C 1993-2001 588 GP - 157 G - 577 PTS Doug Weight
28%
9 LW 1985-1993 522 GP - 178 G - 436 PTS Esa Tikkanen
28%
No matching quizzes found
Score Distribution
Percent of People with Each Score
Percentile by Number Answered
Your Score History
You have not taken this quiz